[Event "Wch U18 blitz"]
[Site "Terme Catez"]
[Date "2024.12.16"]
[Round "2"]
[White "Jendrowiak, Maciej"]
[Black "Franc, Borna"]
[Result "1/2-1/2"]
[WhiteElo "2041"]
[BlackElo "2282"]
[PlyCount "116"]
[EventDate "2024.12.16"]
[EventType "swiss (blitz)"]
[EventRounds "22"]
[EventCountry "SLO"]
[SourceTitle "CB51_2024"]
[SourceDate "2024.12.18"]
[SourceVersion "1"]
[SourceVersionDate "2024.12.18"]
[SourceQuality "1"]

1. e4 e5 2. Nf3 Nc6 3. Bc4 Bc5 4. c3 Nf6 5. d4 exd4 6. cxd4 Bb4+ 7. Nbd2 d5 8. exd5 Nxd5 9. 0-0 0-0 10. a3 Bxd2 11. Bxd2 Bg4 12. h3 Bh5 13. Re1 Nb6 14. Bd3 Nxd4 15. Bc3 Nxf3+ 16. gxf3 Nd5 17. Bd2 c6 18. Kh1 Qf6 19. Be4 Rfe8 20. Kg2 Rad8 21. Qc2 h6 22. Rad1 Qh4 23. Bxd5 cxd5 24. Rxe8+ Rxe8 25. Qd3 Rd8 26. Bc3 f6 27. Re1 d4 28. Bd2 Bf7 29. Re7 Qh5 30. Qc2 Bd5 31. Qd3 Bf7 32. Qc2 d3 33. Qc7 Rf8 34. Bc3 Qg5+ 35. Kh1 Qg6 36. Qxb7 Re8 37. Rxe8+ Bxe8 38. Qxa7 Bc6 39. Qe3 Qf5 40. Kg2 Bd7 41. Kf1 Qxh3+ 42. Ke1 Qf5 43. Kd2 Bb5 44. b4 Qd5 45. Qd4 Qa2+ 46. Ke3 Qe2+ 47. Kf4 Bc6 48. Qc4+ Kh7 49. Qxc6 d2 50. Bxd2 Qxd2+ 51. Kg3 Qg5+ 52. Kh2 Qh4+ 53. Kg2 Qg5+ 54. Kf1 h5 55. b5 h4 56. Qd7 Qc1+ 57. Kg2 Qg5+ 58. Kh3 Qc5 1/2-1/2

[Event "Wch U18 blitz"]
[Site "Terme Catez"]
[Date "2024.12.16"]
[Round "4"]
[White "Jendrowiak, Maciej"]
[Black "Mochalov, Dmitriy"]
[Result "0-1"]
[WhiteElo "2041"]
[BlackElo "2121"]
[PlyCount "71"]
[EventDate "2024.12.16"]
[EventType "swiss (blitz)"]
[EventRounds "22"]
[EventCountry "SLO"]
[SourceTitle "CB51_2024"]
[SourceDate "2024.12.18"]
[SourceVersion "1"]
[SourceVersionDate "2024.12.18"]
[SourceQuality "1"]

1. e4 c5 2. c3 Nf6 3. e5 Nd5 4. Nf3 d6 5. exd6 exd6 6. d4 Be7 7. Be2 0-0 8. 0-0 Nf6 9. Bg5 h6 10. Bh4 Bf5 11. Bd3 Bg4 12. h3 Bxf3 13. Qxf3 Nc6 14. dxc5 Ne5 15. Qe2 Nxd3 16. Qxd3 dxc5 17. Qxd8 Rfxd8 18. Na3 a6 19. Rad1 b5 20. Nc2 g5 21. Bg3 Ne4 22. Bh2 Bf6 23. Ne3 Nd2 24. Rfe1 b4 25. cxb4 cxb4 26. b3 Bc3 27. Re2 a5 28. g3 a4 29. bxa4 Rxa4 30. Nc4 Nf3+ 31. Kg2 Rxd1 32. Kxf3 Ra6 33. g4 Rf6+ 34. Kg2 Re6 35. Rc2 Bg7 36. Bg1 0-1

[Event "Wch U18 rapid"]
[Site "Terme Catez"]
[Date "2024.12.14"]
[Round "1"]
[White "Jendrowiak, Maciej"]
[Black "Culum, Sanjin"]
[Result "0-1"]
[WhiteElo "2041"]
[BlackElo "2446"]
[PlyCount "82"]
[EventDate "2024.12.14"]
[EventType "swiss (rapid)"]
[EventRounds "11"]
[EventCountry "SLO"]
[SourceTitle "CB51_2024"]
[SourceDate "2024.12.18"]
[SourceVersion "1"]
[SourceVersionDate "2024.12.18"]
[SourceQuality "1"]

1. e4 c5 2. Nf3 d6 3. c3 Nf6 4. h3 g6 5. Bd3 Bg7 6. Bc2 0-0 7. 0-0 Nc6 8. d4 cxd4 9. cxd4 e5 10. d5 Nb4 11. Bb3 a5 12. Nc3 Bd7 13. Be3 Qe8 14. a3 Na6 15. Bc2 b5 16. a4 b4 17. Nb5 Qb8 18. Qe2 b3 19. Bxb3 Nxe4 20. Bc2 Nec5 21. Rfd1 Rc8 22. Rac1 Nb4 23. Bxc5 Rxc5 24. Bb3 Qb6 25. Nd2 Bxb5 26. axb5 Qxb5 27. Bc4 Qb6 28. Ne4 Rc7 29. Bb5 Rac8 30. Rxc7 Rxc7 31. Nc3 f5 32. Ra1 e4 33. Ba4 Bxc3 34. bxc3 Rxc3 35. Rd1 e3 36. f3 Qc5 37. Kh1 Rc1 38. Bd7 Qc2 39. Be6+ Kg7 40. Qxc2 Rxc2 41. Ra1 e2 0-1

[Event "Bratislava exe op 2nd"]
[Site "Bratislava"]
[Date "2024.09.22"]
[Round "9"]
[White "Tancsa, Tamas"]
[Black "Jendrowiak, Maciej"]
[Result "0-1"]
[WhiteElo "2236"]
[BlackElo "2013"]
[PlyCount "92"]
[EventDate "2024.09.14"]
[EventType "swiss"]
[EventRounds "9"]
[EventCountry "SVK"]
[SourceTitle "EXT 2025"]
[Source "ChessBase"]
[SourceDate "2024.10.14"]
[SourceVersion "1"]
[SourceVersionDate "2024.10.14"]
[SourceQuality "1"]

1. e4 c5 2. Nf3 d6 3. d4 cxd4 4. Nxd4 Nf6 5. Nc3 g6 6. Be3 Bg7 7. f3 0-0 8. Qd2 Nc6 9. 0-0-0 d5 10. Nxc6 bxc6 11. Bc4 e6 12. Bb3 Bb7 13. Na4 Nd7 14. Nc5 Nxc5 15. Bxc5 Qf6 16. c3 Rfd8 17. Qe3 a5 18. Bc2 Ba6 19. Rd2 Bc4 20. a3 Rab8 21. Rhd1 Rb7 22. g4 Rdb8 23. g5 Qd8 24. Ba4 Bb5 25. Bxb5 Rxb5 26. a4 Rb3 27. e5 Bf8 28. h4 Be7 29. Rh1 Qf8 30. Bxe7 Qxe7 31. Qf2 c5 32. h5 Qxg5 33. f4 Qf5 34. Qxc5 Qe4 35. Rhd1 Qxa4 36. Qd4 Qa1+ 37. Kc2 Rxb2+ 38. Kd3 Rxd2+ 39. Kxd2 Qa2+ 40. Ke3 Rb2 41. Qc5 Rh2 42. Qc8+ Kg7 43. h6+ Kxh6 44. Qf8+ Kh5 45. Qxf7 Rh3+ 46. Kd4 Qf2# 0-1

[Event "Bratislava exe op 2nd"]
[Site "Bratislava"]
[Date "2024.09.18"]
[Round "5"]
[White "Paprocki, Jaroslaw"]
[Black "Jendrowiak, Maciej"]
[Result "0-1"]
[WhiteElo "2157"]
[BlackElo "2013"]
[PlyCount "128"]
[EventDate "2024.09.14"]
[EventType "swiss"]
[EventRounds "9"]
[EventCountry "SVK"]
[SourceTitle "EXT 2025"]
[Source "ChessBase"]
[SourceDate "2024.10.14"]
[SourceVersion "1"]
[SourceVersionDate "2024.10.14"]
[SourceQuality "1"]

1. d4 Nf6 2. c4 e6 3. Nf3 d5 4. cxd5 exd5 5. Nc3 Bb4 6. Qa4+ Nc6 7. e3 0-0 8. Bd3 Re8 9. 0-0 Bg4 10. h3 Bh5 11. Qc2 Bg6 12. Bxg6 hxg6 13. Bd2 Bxc3 14. Bxc3 Ne4 15. Rfc1 a5 16. Be1 Ng5 17. Nh2 Ne4 18. a3 a4 19. Nf1 Qd7 20. f3 Nd6 21. Bf2 Nc4 22. Re1 N6a5 23. e4 Ra6 24. exd5 Rxe1 25. Rxe1 Rb6 26. Rb1 Qf5 27. Qxf5 gxf5 28. Be1 Nb3 29. Bc3 Rb5 30. Re1 Rxd5 31. Re8+ Kh7 32. Re7 b5 33. Rxf7 Nxd4 34. Ng3 c5 35. f4 Ne3 36. Rb7 Nd1 37. Nh5 Kg6 38. Bxd4 cxd4 39. g4 Ne3 40. Rxg7+ Kh6 41. Re7 fxg4 42. Nf6 Rf5 43. Re6 gxh3 44. Ng4+ Kh5 45. Nxe3 dxe3 46. Rxe3 Kg4 47. b3 Rxf4 48. bxa4 bxa4 49. Kh2 Rf2+ 50. Kg1 Rf3 51. Re2 Rxa3 52. Kh2 Rf3 53. Re4+ Rf4 54. Re3 Rf2+ 55. Kg1 Rf3 56. Re8 a3 57. Kh1 a2 58. Ra8 Rf1+ 59. Kh2 Rf2+ 60. Kg1 Rb2 61. Kh1 Kf5 62. Ra5+ Ke6 63. Ra6+ Kd7 64. Ra3 Rb1+ 0-1

[Event "Bohumin op-A 7th"]
[Site "Bohumin"]
[Date "2024.06.30"]
[Round "2"]
[White "Jendrowiak, Maciej"]
[Black "Hladik, Lumir"]
[Result "1-0"]
[WhiteElo "2049"]
[BlackElo "1986"]
[PlyCount "91"]
[EventDate "2024.06.29"]
[EventType "swiss"]
[EventRounds "9"]
[EventCountry "CZE"]
[SourceTitle "CBM 221 Extra"]
[Source "ChessBase"]
[SourceDate "2024.09.30"]
[SourceVersion "1"]
[SourceVersionDate "2024.09.30"]
[SourceQuality "1"]

1. e4 c6 2. d4 d5 3. e5 Bf5 4. Nf3 e6 5. Be2 c5 6. c3 Nc6 7. 0-0 Be7 8. Be3 Qb6 9. Nbd2 Rc8 10. h3 h6 11. Qa4 c4 12. b4 Bd8 13. Bxc4 Nge7 14. Be2 0-0 15. a3 Qc7 16. Rfc1 Qd7 17. Qb3 Bb6 18. a4 a5 19. b5 Nd8 20. c4 dxc4 21. Nxc4 Rxc4 22. Bxc4 Be4 23. Nd2 Bd5 24. Bxd5 Nxd5 25. Ne4 Nxe3 26. fxe3 f5 27. exf6 gxf6 28. Rf1 f5 29. Nc5 Qd6 30. Nd3 Nf7 31. Nf4 Re8 32. Qd1 e5 33. Ne2 exd4 34. exd4 Bc7 35. Nf4 Re4 36. g3 Rxd4 37. Qh5 Rd2 38. Qg6+ Qxg6 39. Nxg6 Bxg3 40. Ne7+ Kh7 41. Nxf5 Bb8 42. Rad1 Ba7+ 43. Kh1 Re2 44. Rd7 Bc5 45. Rxf7+ Kg6 46. Rg7+ 1-0

[Event "Bohumin op-A 7th"]
[Site "Bohumin"]
[Date "2024.06.29"]
[Round "1"]
[White "Pulpan, Jakub"]
[Black "Jendrowiak, Maciej"]
[Result "1-0"]
[WhiteElo "2383"]
[BlackElo "2049"]
[PlyCount "181"]
[EventDate "2024.06.29"]
[EventType "swiss"]
[EventRounds "9"]
[EventCountry "CZE"]
[SourceTitle "CBM 221 Extra"]
[Source "ChessBase"]
[SourceDate "2024.09.30"]
[SourceVersion "1"]
[SourceVersionDate "2024.09.30"]
[SourceQuality "1"]

1. Nf3 Nf6 2. b3 d5 3. Bb2 g6 4. c4 c6 5. g3 Bg7 6. Bg2 0-0 7. 0-0 Nbd7 8. d4 Ne4 9. Nbd2 Ndf6 10. Nxe4 Nxe4 11. Nd2 Nxd2 12. Qxd2 f5 13. cxd5 cxd5 14. Ba3 Re8 15. Rac1 e6 16. h4 h5 17. Rc2 Bd7 18. Rfc1 Bc6 19. Bc5 Kh7 20. Bf1 Bh6 21. f4 a6 22. e3 Qd7 23. Qb4 Bg7 24. Bb6 Rec8 25. a4 Bf8 26. Qd2 Qe8 27. Bc5 Bg7 28. Qb4 Bf6 29. Bd6 Kg8 30. Bd3 Qd7 31. Bf1 Qe8 32. Qa3 Bd7 33. Rc7 Rxc7 34. Rxc7 Bc6 35. Be7 Bg7 36. Qd6 Qf7 37. Bg5 Bf8 38. Rxf7 Bxd6 39. Rf6 Kg7 40. Rxe6 Bf8 41. Bg2 Rc8 42. Bf3 Rc7 43. Kf2 Kf7 44. Rf6+ Kg7 45. Ke2 Bb4 46. Kd1 Bf8 47. Re6 Kf7 48. Rf6+ Kg7 49. Bg2 Bb4 50. g4 hxg4 51. h5 gxh5 52. Rxf5 Bd7 53. Re5 g3 54. f5 Bd6 55. Rxd5 Bc6 56. Rxd6 Bxg2 57. Bf4 Bf3+ 58. Kd2 Rc6 59. Rd7+ Kf6 60. Bxg3 Kxf5 61. Rxb7 Rg6 62. Rf7+ Kg4 63. Be5 Bd5 64. Rf1 Bg2 65. Rf2 Kh3 66. Kd3 h4 67. b4 Bc6 68. e4 Rg1 69. d5 Bxa4 70. Ke3 Kg4 71. Rf4+ Kh5 72. Rf5+ Kg4 73. Rf4+ Kh5 74. Bf6 h3 75. Rh4+ Kg6 76. Be5 Bd7 77. Kd4 Rc1 78. Bd6 Rd1+ 79. Kc5 Rc1+ 80. Kb6 Bc8 81. e5 Rd1 82. Kc7 Rc1+ 83. Bc5 Bf5 84. e6 Re1 85. e7 Kf7 86. Kd8 Re2 87. d6 h2 88. d7 Bxd7 89. Kxd7 Rd2+ 90. Bd6 Re2 91. Rxh2 1-0

[Event "Ostravsky Konik op-A"]
[Site "Ostrava"]
[Date "2024.04.29"]
[Round "3"]
[White "Zdybel, Przemyslaw"]
[Black "Jendrowiak, Maciej"]
[Result "1-0"]
[WhiteElo "2264"]
[BlackElo "1907"]
[PlyCount "125"]
[EventDate "2024.04.27"]
[EventType "swiss"]
[EventRounds "9"]
[EventCountry "CZE"]
[SourceTitle "CBM 220 Extra"]
[Source "ChessBase"]
[SourceDate "2024.07.31"]
[SourceVersion "1"]
[SourceVersionDate "2024.07.31"]
[SourceQuality "1"]

1. e4 c6 2. d4 d5 3. e5 Bf5 4. h4 h5 5. Bd3 Bxd3 6. Qxd3 Qa5+ 7. Nd2 e6 8. Ngf3 Qa6 9. c4 Ne7 10. b3 Nd7 11. 0-0 Nf5 12. Bb2 Be7 13. g3 0-0 14. Qc2 b6 15. a4 Qb7 16. cxd5 cxd5 17. Qd3 a6 18. Bc3 b5 19. Rfc1 b4 20. Bb2 Rfc8 21. Rxc8+ Rxc8 22. Rd1 Rc6 23. Ne1 g6 24. Ndf3 Qc8 25. Kg2 Kg7 26. Qb1 Rc7 27. Bc1 Rc3 28. Bd2 Rc6 29. Qd3 Qc7 30. Kh3 Nh6 31. Ng5 Nf5 32. Ngf3 Nh6 33. Ng1 Nf5 34. Ne2 Qb6 35. Ng2 f6 36. exf6+ Bxf6 37. Bf4 Rc8 38. Ne3 Nxe3 39. Bxe3 Nf8 40. Kh2 a5 41. Re1 Qc6 42. Rc1 Qb7 43. Qd2 Rc6 44. Bh6+ Kf7 45. Bxf8 Kxf8 46. Nf4 Kg7 47. Rxc6 Qxc6 48. Qd3 Qe8 49. Qa6 Kf7 50. Qxa5 Bxd4 51. Kg2 Bc3 52. Qc7+ Kf6 53. Qb6 d4 54. a5 Qd7 55. a6 d3 56. Qb7 Qxb7+ 57. axb7 d2 58. b8Q d1Q 59. Qf8+ Ke5 60. Qc5+ Kf6 61. Qg5+ Kg7 62. Qxg6+ Kh8 63. Qxe6 1-0

[Event "Bohumin op-B 6th"]
[Site "Bohumin"]
[Date "2023.07.04"]
[Round "4"]
[White "Boff, Vojtech"]
[Black "Jendrowiak, Maciej"]
[Result "1/2-1/2"]
[WhiteElo "1465"]
[BlackElo "1849"]
[PlyCount "46"]
[EventDate "2023.07.01"]
[EventType "swiss"]
[EventRounds "9"]
[EventCountry "CZE"]
[SourceTitle "EXT 2024"]
[Source "ChessBase"]
[SourceDate "2023.10.10"]
[SourceVersion "1"]
[SourceVersionDate "2023.10.10"]
[SourceQuality "1"]

1. d4 Nf6 2. c4 d6 3. Nc3 g6 4. Nf3 Bg7 5. Bf4 Nh5 6. Bg3 Nxg3 7. hxg3 Nd7 8. e3 e5 9. Rc1 0-0 10. Be2 a6 11. Qb3 b6 12. Qc2 Bb7 13. 0-0 Rc8 14. Rfd1 Qe7 15. dxe5 Nxe5 16. Nxe5 Bxe5 17. Bf3 Bxf3 18. gxf3 Bxc3 19. Qxc3 Rfe8 20. Rd4 Qf6 21. Rf4 Qe5 22. Qxe5 dxe5 23. Rf6 Kf8 1/2-1/2

[Event "Liberec op 22nd"]
[Site "Liberec"]
[Date "2023.03.02"]
[Round "8"]
[White "Jendrowiak, Maciej"]
[Black "Luebke, Florentin"]
[Result "1-0"]
[WhiteElo "1564"]
[BlackElo "1980"]
[PlyCount "79"]
[EventDate "2023.02.24"]
[EventType "swiss"]
[EventRounds "9"]
[EventCountry "CZE"]
[SourceTitle "CBM 213 Extra"]
[Source "ChessBase"]
[SourceDate "2023.05.31"]
[SourceVersion "1"]
[SourceVersionDate "2023.05.31"]
[SourceQuality "1"]

1. e4 c5 2. c3 d5 3. exd5 Qxd5 4. d4 Nc6 5. Nf3 Bg4 6. dxc5 Qxd1+ 7. Kxd1 Nf6 8. b4 a5 9. b5 Ne5 10. Be2 Bxf3 11. gxf3 e6 12. Be3 Rc8 13. Bd4 Nfd7 14. f4 Ng6 15. c6 bxc6 16. bxc6 Rxc6 17. Bb5 Rc8 18. f5 exf5 19. Nd2 f6 20. Re1+ Kd8 21. Nc4 Bc5 22. Nxa5 Kc7 23. Re6 Bd6 24. Nc4 Be5 25. a4 Rhd8 26. Kc2 Nf4 27. Re7 Bxd4 28. cxd4 g5 29. Kb3 Rb8 30. Rc1 Nd5 31. Ne5+ Kd6 32. Rxd7+ Rxd7 33. Nxd7 Rxb5+ 34. axb5 Kxd7 35. Ka4 f4 36. Ka5 Ke6 37. Rc5 h5 38. b6 Nxb6 39. Kxb6 h4 40. Kc6 1-0

[Event "Liberec op 22nd"]
[Site "Liberec"]
[Date "2023.02.24"]
[Round "1"]
[White "Kettenburg, Stefan"]
[Black "Jendrowiak, Maciej"]
[Result "1-0"]
[WhiteElo "2046"]
[BlackElo "1564"]
[PlyCount "59"]
[EventDate "2023.02.24"]
[EventType "swiss"]
[EventRounds "9"]
[EventCountry "CZE"]
[SourceTitle "CBM 213 Extra"]
[Source "ChessBase"]
[SourceDate "2023.05.31"]
[SourceVersion "1"]
[SourceVersionDate "2023.05.31"]
[SourceQuality "1"]

1. d4 d5 2. Nf3 Nf6 3. c4 e6 4. cxd5 exd5 5. Nc3 c5 6. e3 Nc6 7. Be2 a6 8. 0-0 Be6 9. b3 Rc8 10. Bb2 cxd4 11. exd4 Bd6 12. Bd3 0-0 13. Ne2 Qc7 14. Rc1 Qa5 15. a3 b5 16. Ne5 Bxe5 17. dxe5 Ng4 18. Rxc6 Rxc6 19. Nd4 Rcc8 20. Nxe6 Nxf2 21. Bxh7+ Kh8 22. Qh5 Ng4 23. Bf5+ Nh6 24. Nxf8 Rxf8 25. e6 Qd2 26. Bc1 Qd4+ 27. Kh1 fxe6 28. Bxh6 Rxf5 29. Rxf5 Qa1+ 30. Bc1+ 1-0

[Event "POL-chT U18 1st"]
[Site "Poland"]
[Date "2022.07.02"]
[Round "8.2"]
[White "Jendrowiak, Maciej"]
[Black "Lysakowski, Piotr"]
[Result "1-0"]
[WhiteElo "1713"]
[BlackElo "1542"]
[PlyCount "83"]
[EventDate "2022.06.25"]
[EventType "team-swiss"]
[EventRounds "9"]
[EventCountry "POL"]
[SourceTitle "EXT 2023"]
[Source "ChessBase"]
[SourceDate "2022.10.05"]
[SourceVersion "1"]
[SourceVersionDate "2022.10.05"]
[SourceQuality "1"]
[WhiteTeam "Rybnik"]
[BlackTeam "Czerwionka Leszczyny Skoczek"]
[WhiteTeamCountry "POL"]
[BlackTeamCountry "POL"]

1. e4 c6 2. Nf3 d5 3. Nc3 Nf6 4. exd5 cxd5 5. d4 Nc6 6. Bf4 Bg4 7. Be2 Rc8 8. Ne5 Bxe2 9. Nxe2 e6 10. c3 Qb6 11. Rb1 Be7 12. 0-0 0-0 13. f3 Nxe5 14. Bxe5 Nd7 15. Bg3 Bd6 16. Kh1 a6 17. Qd2 Qc7 18. Rbc1 b5 19. Qd3 Bxg3 20. Nxg3 Qc4 21. Qb1 a5 22. b3 Qc6 23. Qd3 Rc7 24. Rc2 Rfc8 25. Rfc1 Qb6 26. Nf1 Rc6 27. Ne3 Qa6 28. f4 a4 29. f5 Nf6 30. fxe6 Rxe6 31. Re1 axb3 32. axb3 Qa5 33. Kg1 Rce8 34. Rce2 Rc8 35. b4 Qc7 36. Nd1 Ne4 37. Rc2 Rh6 38. h3 Qc4 39. Qxc4 Rxc4 40. Ne3 Rxc3 41. Rxc3 Nxc3 42. Nxd5 1-0

[Event "POL-chT U18 1st"]
[Site "Poland"]
[Date "2022.06.30"]
[Round "6.2"]
[White "Jendrowiak, Maciej"]
[Black "Bachor, Tomasz"]
[Result "1/2-1/2"]
[WhiteElo "1713"]
[BlackElo "1971"]
[PlyCount "110"]
[EventDate "2022.06.25"]
[EventType "team-swiss"]
[EventRounds "9"]
[EventCountry "POL"]
[SourceTitle "EXT 2023"]
[Source "ChessBase"]
[SourceDate "2022.10.05"]
[SourceVersion "1"]
[SourceVersionDate "2022.10.05"]
[SourceQuality "1"]
[WhiteTeam "Rybnik"]
[BlackTeam "Katowice Hetman Szopienice"]
[WhiteTeamCountry "POL"]
[BlackTeamCountry "POL"]

1. e4 c5 2. Nf3 Nc6 3. c3 d5 4. exd5 Qxd5 5. d4 g6 6. Be3 cxd4 7. Nxd4 Bg7 8. Nxc6 Qxc6 9. Qb3 Bd7 10. Nd2 Nf6 11. Nf3 Qc7 12. Bb5 0-0 13. Bxd7 Nxd7 14. 0-0 Rfd8 15. Rad1 b6 16. Rfe1 Nc5 17. Qc4 Ne6 18. Qxc7 Nxc7 19. Bd4 Ne6 20. Bxg7 Kxg7 21. Ne5 Rxd1 22. Rxd1 Rd8 23. Rxd8 Nxd8 24. f3 f6 25. Nd3 Nc6 26. Kf2 e5 27. Ke3 f5 28. b4 Kf6 29. a4 Ke6 30. Nb2 Kd5 31. c4+ Kd6 32. Nd3 a5 33. bxa5 Nxa5 34. Nb2 Kc5 35. Nd3+ Kd6 36. Nb2 g5 37. g3 h5 38. Kd3 Kc5 39. Kc3 e4 40. fxe4 fxe4 41. h3 g4 42. hxg4 hxg4 43. Nd1 Nxc4 44. Nf2 Nd6 45. Nxg4 Nf5 46. Nf6 Nxg3 47. Nd7+ Kc6 48. Ne5+ Kd5 49. Nd7 Kc6 50. Ne5+ Kd6 51. Kd4 Ne2+ 52. Kxe4 Nc3+ 53. Kd4 Nxa4 54. Nc4+ Kc6 55. Nxb6 Nxb6 1/2-1/2

[Event "POL-ch U15 Qual"]
[Site "Jastrzebia Gora"]
[Date "2021.11.20"]
[Round "8"]
[White "Wesolek, Krzysztof"]
[Black "Jendrowiak, Maciej"]
[Result "1-0"]
[WhiteElo "1570"]
[BlackElo "1493"]
[PlyCount "118"]
[EventDate "2021.11.15"]
[EventType "swiss"]
[EventRounds "9"]
[EventCountry "POL"]
[SourceTitle "EXT 2023"]
[Source "ChessBase"]
[SourceDate "2022.10.05"]
[SourceVersion "1"]
[SourceVersionDate "2022.10.05"]
[SourceQuality "1"]

1. e4 c6 2. d4 d5 3. Nc3 dxe4 4. Nxe4 Bf5 5. Ng3 Bg6 6. h4 h6 7. Nf3 Nd7 8. h5 Bh7 9. Bd3 Bxd3 10. Qxd3 e6 11. Bd2 Ngf6 12. 0-0-0 Be7 13. Ne4 Nxe4 14. Qxe4 Nf6 15. Qe2 Qd5 16. c4 Qe4 17. Qxe4 Nxe4 18. Be3 0-0 19. Ne5 Rfd8 20. g4 c5 21. Rhe1 Bd6 22. f4 Rac8 23. dxc5 Bxc5 24. Bxc5 Nxc5 25. Kc2 f6 26. Ng6 Kf7 27. b4 Nd7 28. Kb3 Nb6 29. a4 Nd7 30. Rd6 Nf8 31. c5 Rxd6 32. cxd6 Nd7 33. Ne7 Rd8 34. Rc1 e5 35. fxe5 Nxe5 36. Rc7 Rxd6 37. Rxb7 Rd3+ 38. Kc2 Rd7 39. Rxd7 Nxd7 40. Nc6 a6 41. b5 axb5 42. axb5 Ke6 43. Kd3 Kd5 44. Ke3 Kc5 45. Kf4 Nf8 46. Kf5 Kxb5 47. Nd4+ Kc4 48. Ne6 Nd7 49. Nxg7 Kd5 50. Ne8 Ne5 51. Nxf6+ Kd6 52. Ng8 Nf7 53. Kf6 Ng5 54. Nxh6 Ne4+ 55. Kf5 Ng3+ 56. Kg6 Ke6 57. Nf5 Ne2 58. h6 Nf4+ 59. Kg7 Kd5 1-0

[Event "POL-ch U14"]
[Site "Uniejow"]
[Date "2021.07.25"]
[Round "9"]
[White "Jendrowiak, Maciej"]
[Black "Nagly, Wojciech"]
[Result "1-0"]
[WhiteElo "1472"]
[BlackElo "1514"]
[PlyCount "121"]
[EventDate "2021.07.18"]
[EventType "swiss"]
[EventRounds "9"]
[EventCountry "POL"]
[SourceTitle "EXT 2022"]
[Source "ChessBase"]
[SourceDate "2021.10.06"]
[SourceVersion "1"]
[SourceVersionDate "2021.10.06"]
[SourceQuality "1"]

1. e4 c5 2. c3 Nf6 3. e5 Nd5 4. Nf3 Nc6 5. Bc4 Nb6 6. Bb3 c4 7. Bc2 d5 8. exd6 exd6 9. 0-0 Be7 10. d4 Bg4 11. a4 a6 12. Na3 d5 13. Re1 0-0 14. Bf4 h6 15. h3 Bxa3 16. Rxa3 Qf6 17. Be3 Bxf3 18. Qxf3 Qxf3 19. gxf3 Rae8 20. Raa1 Re7 21. Kh2 Rfe8 22. Rg1 Kh8 23. Rg2 Rg8 24. Rag1 Ree8 25. Rg4 Re6 26. Rf4 Nd8 27. a5 Nc8 28. Bf5 Rc6 29. Bxc8 Rxc8 30. Rf5 Re8 31. Rxd5 Ne6 32. Ra1 Rcd8 33. Rxd8 Rxd8 34. Ra4 Rc8 35. Rb4 Nd8 36. d5 Kg8 37. Kg3 f6 38. Kf4 Kf7 39. Ke4 Ke7 40. Kd4 g5 41. Rxc4 Rxc4+ 42. Kxc4 Kd6 43. Kd4 Nf7 44. c4 Ne5 45. f4 Nf3+ 46. Ke4 Ng1 47. fxg5 fxg5 48. f4 Nxh3 49. fxg5 hxg5 50. Kf5 Nf4 51. Bxf4+ gxf4 52. Kxf4 Kc5 53. Ke5 Kxc4 54. d6 Kb5 55. d7 Kxa5 56. d8Q+ Kb5 57. Kd5 b6 58. Qc8 Ka5 59. b3 b5 60. Kc5 b4 61. Qc7# 1-0

[Event "POL-ch U14"]
[Site "Uniejow"]
[Date "2021.07.22"]
[Round "5"]
[White "Jendrowiak, Maciej"]
[Black "Turowski, Maciej"]
[Result "0-1"]
[WhiteElo "1472"]
[BlackElo "1447"]
[PlyCount "56"]
[EventDate "2021.07.18"]
[EventType "swiss"]
[EventRounds "9"]
[EventCountry "POL"]
[SourceTitle "EXT 2022"]
[Source "ChessBase"]
[SourceDate "2021.10.06"]
[SourceVersion "1"]
[SourceVersionDate "2021.10.06"]
[SourceQuality "1"]

1. e4 d5 2. exd5 Qxd5 3. Nc3 Qd6 4. d4 Nf6 5. Nf3 a6 6. Be3 Nc6 7. Qd2 Bg4 8. Be2 Bxf3 9. Bxf3 0-0-0 10. 0-0-0 e6 11. Rhe1 Be7 12. Ne4 Nxe4 13. Bxe4 Nb4 14. Kb1 Nd5 15. c4 Nf6 16. Bf3 Qb6 17. c5 Qb5 18. Rc1 Nd5 19. Be2 Qc6 20. Qa5 Kb8 21. b4 Nxe3 22. fxe3 Qe4+ 23. Rc2 Qxe3 24. Rd1 Rxd4 25. Rxd4 Qxd4 26. c6 Bf6 27. Kc1 Rd8 28. Rc4 Qb2# 0-1

[Event "POL-chT U20"]
[Site "Lublin"]
[Date "2021.07.03"]
[Round "8.3"]
[White "Madej, Marek"]
[Black "Jendrowiak, Maciej"]
[Result "1-0"]
[WhiteElo "1805"]
[BlackElo "1472"]
[PlyCount "95"]
[EventDate "2021.06.26"]
[EventType "team-tourn"]
[EventRounds "9"]
[EventCountry "POL"]
[SourceTitle "CBM 203 Extra"]
[Source "ChessBase"]
[SourceDate "2021.09.30"]
[SourceVersion "1"]
[SourceVersionDate "2021.09.30"]
[SourceQuality "1"]
[WhiteTeam "Wroclaw Polonia"]
[BlackTeam "Rybnik MKSz"]
[WhiteTeamCountry "POL"]
[BlackTeamCountry "POL"]

1. e4 e6 2. d4 d5 3. Nd2 c5 4. exd5 Qxd5 5. dxc5 Bxc5 6. Ngf3 Nf6 7. Bc4 Qc6 8. 0-0 0-0 9. Qe2 a6 10. a3 b6 11. b4 Bd6 12. Bb2 Nbd7 13. Nd4 Qc7 14. N2f3 Re8 15. Ba2 Ne5 16. Rfd1 Bb7 17. Kh1 Ne4 18. Nxe5 Bxe5 19. f3 Nf6 20. Nb5 axb5 21. Bxe5 Qc8 22. Bb3 Nd5 23. Qd2 Qc6 24. Bxd5 exd5 25. Bd4 Re6 26. Re1 Rae8 27. c3 h6 28. Kg1 Bc8 29. g4 Qc4 30. Kf2 Qc7 31. Kg2 Qc4 32. Rxe6 Rxe6 33. Re1 Qc6 34. h4 Qd7 35. h5 f5 36. Rxe6 Qxe6 37. g5 g6 38. gxh6 Kh7 39. Qg5 f4 40. Kf2 Qf5 41. hxg6+ Qxg6 42. Qe7+ Kxh6 43. Qf8+ Kh5 44. Qh8+ Kg5 45. Qxc8 Qc2+ 46. Kg1 Qd1+ 47. Kg2 Qe2+ 48. Bf2 1-0

[Event "POL-chT U20"]
[Site "Lublin"]
[Date "2021.07.02"]
[Round "7.3"]
[White "Jendrowiak, Maciej"]
[Black "Mulawa, Cyprian"]
[Result "0-1"]
[WhiteElo "1472"]
[BlackElo "1989"]
[PlyCount "89"]
[EventDate "2021.06.26"]
[EventType "team-tourn"]
[EventRounds "9"]
[EventCountry "POL"]
[SourceTitle "CBM 203 Extra"]
[Source "ChessBase"]
[SourceDate "2021.09.30"]
[SourceVersion "1"]
[SourceVersionDate "2021.09.30"]
[SourceQuality "1"]
[WhiteTeam "Rybnik MKSz"]
[BlackTeam "Warszawa Czternastka"]
[WhiteTeamCountry "POL"]
[BlackTeamCountry "POL"]

1. d4 Nf6 2. Nf3 g6 3. Nbd2 d5 4. c4 c6 5. g3 Bg7 6. Bg2 0-0 7. 0-0 Bf5 8. b3 Nbd7 9. Bb2 b5 10. Rc1 Qb6 11. Ba1 Rfd8 12. Nh4 Be6 13. e3 g5 14. Nhf3 h6 15. Re1 Bf5 16. Qe2 e6 17. Kh1 Rac8 18. Red1 a6 19. h4 g4 20. Ne1 c5 21. e4 dxe4 22. Nxe4 Nxe4 23. Bxe4 cxd4 24. Bxf5 exf5 25. Qd3 bxc4 26. bxc4 Nc5 27. Qxf5 Qe6 28. Qxe6 fxe6 29. Nd3 Nxd3 30. Rxd3 e5 31. Rdd1 Rc5 32. Rd2 Rdc8 33. Rdc2 d3 34. Rd2 Rxc4 35. Rcd1 e4 36. Bxg7 Kxg7 37. Rb2 Rc1 38. Rxc1 Rxc1+ 39. Kg2 h5 40. Rb7+ Kf6 41. Rb6+ Ke5 42. Rb2 Rc2 43. Rb8 d2 44. Rd8 e3 45. f4+ 0-1